Najbardziej pokojowe Kraje - 1/2 - Statystyki

Ogólne statystyki
  • Ten quiz został rozwiązany 85 razy
  • Średni wynik to 16 z 25
Statystyki odpowiedzi
Wynik Kraj % Poprawnych
1,5 Norwegia
87%
1,4 Szwajcaria
87%
1,5 Szwecja
83%
1,3 Dania
82%
1,5 Finlandia
82%
1,1 Islandia
79%
1,4 Australia
78%
1,3 Kanada
78%
1,5 Belgia
76%
1,5 Holandia
76%
1,2 Nowa Zelandia
76%
1,3 Portugalia
71%
1,4 Japonia
69%
1,4 Czechy
68%
1,6 Słowacja
68%
1,4 Irlandia
67%
1,5 Niemcy
65%
1,3 Austria
64%
1,4 Słowenia
62%
1,5 Węgry
60%
1,6 Rumunia
59%
1,3 Singapur
50%
1,5 Bhutan
24%
1,5 Malezja
23%
1,6 Mauritius
9%
Nie znaleziono quizów pasujących do podanych kryteriów
Rozkład punktacji
Procent ludzi z każdym wynikiem
Percentyl według liczby udzielonych odpowiedzi
Twoja historia wyników
Nie rozwiązałeś tego quizu